00808nam a2200205 a 450000100100000000500170001000800410002704000250006808200150009310000340010824500530014226000680019530000350026350000960029850400270039453300420042104900090046395201130047299900170058500003043220200930062317.0110517s1999 dr ac 000 0 spa d aDO-SdBNPbspacBNPHU axxxbF718a1 aForestieri S., Rolando95654710aLas academias italianas /cRolando Forestieri S. aSanto Domingo :bInstituto Cultural Dominicano Italiano,c1999. a31 p. :bil., retrs. ;c22 cm. aConferencia presentada por: Dr. Rolando Forestieri S. en Casa Italia el 18 de marzo de1999. aBibliografía : p. 32 aEdición fasímilarbVeneciac1612. aBNPD 0010718PDaPDbPDcHDd2011-05-17iLF1l0oxxx F718ap30432-10r2020-06-25w2020-06-25yLFPDZNo se presta c29924d29924